000 aam a22 a 4500
999 _c4528
_d4528
003 AKMAL
005 20170531094225.0
008 1 s1994 my l 00 eng d
020 _a9678906422 (pbk.):
_cRM 5.00
040 _cAKMAL
082 0 4 _a345.59503 REG
090 _a345.59503
_bREG
110 1 _aMalaysia
_9400
240 1 _aAkta Pendaftaran Penjenayah dan Orang-Orang Yang Tak Diingini, 1969.
_lEnglish
245 1 0 _aRegistration of Criminals and Undesirable Persons Act, 1969 (Act 7) :
_b(incorporating all amendments as at 20th August 1994) /
_ccompiled by Legal Research Board
260 _aKuala Lumpur :
_bInternational Law Book Services,
_c1994
300 _a22p. ;
_c24cm
440 _aLaws of Malaysia
_91830
650 _aCriminal law
_zMalaysia
_93716
650 _aCriminal registers
_xLaw and legislation
_zMalaysia
_98754
710 2 _aLegal Research Board
_93922
942 _2ddc
_cBOOK